Indicators and Strategic Imperatives of the Country Investment Development

Skúmanie mechanizmov verejnej správy na Ukrajine. Potreba pritiahnutia zahraničných investícií pre progresívnu budúcnosť Ukrajiny a dosiahnutie európskej životnej úrovne. Optimalizácia podnikateľského prostredia na Ukrajine. Zavádzanie technických inovácií a pokrokových technológií v oblasti výroby,...

Ausführliche Beschreibung

Gespeichert in:
Bibliographische Detailangaben
1. Verfasser: Lipková, Ľudmila
Weitere Verfasser: Karpenko, Lidiia
Format: Buchkapitel
Sprache:Englisch
Schlagworte:
Tags: Tag hinzufügen
Keine Tags, Fügen Sie das erste Tag hinzu!

MARC

LEADER 00000naa$a2200000$$$4500
001 0280658
005 20240502083856.2
041 0 |a eng 
044 |a UA 
245 1 0 |a Indicators and Strategic Imperatives of the Country Investment Development  |c Ľudmila Lipková, Lidiia Karpenko 
520 |a Skúmanie mechanizmov verejnej správy na Ukrajine. Potreba pritiahnutia zahraničných investícií pre progresívnu budúcnosť Ukrajiny a dosiahnutie európskej životnej úrovne. Optimalizácia podnikateľského prostredia na Ukrajine. Zavádzanie technických inovácií a pokrokových technológií v oblasti výroby, poskytovania finančných a nefinančných služieb. 
610 2 0 |a investície zahraničné 
610 2 0 |a kapitál zahraničný 
610 2 0 |a inovácie technologické 
610 2 0 |a pokrok technologický 
610 2 0 |a prostredie podnikateľské 
610 2 0 |a Ukrajina 
100 1 |a Lipková, Ľudmila 
700 1 |a Karpenko, Lidiia